Statistics for They Shoot Pictures, Don't They? - films 941 to 960

Click here to take the quiz!

General Stats

  • This quiz has been taken 12 times
  • The average score is 9 of 20

Answer Stats

Answer% Correct
American Beauty
100%
Spartacus
100%
American Graffiti
89%
Duel
89%
Léon
67%
Reds
67%
A History of Violence
56%
An American in Paris
56%
Arabian Nights
44%
Olympia
44%
Near Dark
33%
Elephant
22%
Handsworth Songs
22%
La Bête Humaine
22%
Le Boucher
22%
Moi, un Noir
22%
Not Reconciled
22%
Numéro deux
22%
The Reckless Moment
22%
The River
22%

Score Distribution

Percentile by Number Answered

Percent of People with Each Score

Your Score History

You have not taken this quiz